Art & design

Αποθηκεύτηκε σε:
Λεπτομέρειες βιβλιογραφικής εγγραφής
Κύριος συγγραφέας: Evans, Virginia
Άλλοι συγγραφείς: Dooley, Jenny, Rogers, Henrietta P.
Μορφή: Βιβλίο
Γλώσσα:English
Δημοσίευση: Newbury : Express Publishing, c2013.
Σειρά:Career paths
Θέματα:
Ετικέτες: Προσθήκη ετικέτας
Δεν υπάρχουν, Καταχωρήστε ετικέτα πρώτοι!

MARC

LEADER 00000cam a2200000 a 4500
001 1/121476
008 200603s2013####enk| ||| |||| ||eng||
020 |a 9781471518867 
040 |a GR-MyUa  |b gre  |c GR-MyUa  |e AACR2 
041 0 |a eng 
082 7 |a 428.24   |2 (23) 
100 1 |a Evans, Virginia. 
245 1 0 |a Art & design /   |c Virginia Evans, Jeeny Dooley, Henrietta P. Rogers. 
246 1 |i Άλλες παραλλαγές του τίτλου:   |a Art and design 
260 |a Newbury :   |b Express Publishing,   |c c2013. 
300 |a 39 σ. :   |b εικ. ;   |c 30 εκ. 
490 1 |a (Career paths) 
500 |a Student's book. 
650 0 |a English language  |v Textbooks for foreign speakers. 
650 0 |a English lanuage  |x Study and teaching  |z Foreign speakers. 
700 1 |a Dooley, Jenny. 
700 1 |a Rogers, Henrietta P. 
830 0 |a Career paths 
852 |a INST  |b SYROS  |c EUDOXUS  |e 20200603  |h 728.24 EVA  |p 005500014918  |q 005500014918  |t EDX  |y 0 
920 |a Εύδοξος  |b Παραγγελία  |y Σύρος-ΤΜΣΠΣ  |z 2016-12 
970 |a Κοντού  |b Παρασκευή  |z 03/06/2020